Which Place is Bigger? - Statistics

General Stats
  • This quiz has been taken 73 times
  • The average score is 8 of 15
Answer Stats
Question Answer % Correct
Which is Bigger? Mall of America
88%
Which is Bigger? Pacific Ocean
88%
Which is Bigger? Borneo
63%
Which is Bigger? District of Columbia
63%
Which is Bigger? Libya
63%
Which is Bigger? Maui
63%
Which is Bigger? Rhode Island
63%
Which is Bigger/ Wrangell-St. Elias National Park
63%
Which is Bigger? Australia
50%
Which is Bigger? France and all of its territories
38%
Which is Bigger? Ireland
38%
Which is Bigger? Kazakhstan
38%
Which is Bigger? Lambert Glacier (Largest Glacier)
38%
Which is Bigger? Rest of the countries combined
38%
Which is Bigger? 5,000x United States
13%
No matching quizzes found
Score Distribution
Percent of People with Each Score
Percentile by Number Answered
Your Score History
You have not taken this quiz